Interfacial rheology (Record no. 12192)
[ view plain ]
| 000 -LEADER | |
|---|---|
| fixed length control field | 02487cam a2200373Ia 4500 |
| 001 - CONTROL NUMBER | |
| control field | CRC0KE20559PDF |
| 003 - CONTROL NUMBER IDENTIFIER | |
| control field | BD-DhSAU |
| 005 - DATE AND TIME OF LATEST TRANSACTION | |
| control field | 20151012144310.0 |
| 006 - FIXED-LENGTH DATA ELEMENTS--ADDITIONAL MATERIAL CHARACTERISTICS | |
| fixed length control field | m|||||o||d|||||||| |
| 007 - PHYSICAL DESCRIPTION FIXED FIELD--GENERAL INFORMATION | |
| fixed length control field | cr|||| |
| 008 - FIXED-LENGTH DATA ELEMENTS--GENERAL INFORMATION | |
| fixed length control field | 121226s2009 ne ad sb 011 0 eng d |
| 020 ## - INTERNATIONAL STANDARD BOOK NUMBER | |
| International Standard Book Number | 9789047429302 (ebook : PDF) |
| 040 ## - CATALOGING SOURCE | |
| Original cataloging agency | BD-DhSAU |
| Transcribing agency | BD-DhSAU |
| 090 ## - LOCALLY ASSIGNED LC-TYPE CALL NUMBER (OCLC); LOCAL CALL NUMBER (OCLC) | |
| Classification number (OCLC) (R) ; Classification number, CALL (RLIN) (NR) | QC189.5 |
| Local cutter number (OCLC) ; Book number/undivided call number, CALL (RLIN) | .I58 2009 |
| 092 ## - LOCALLY ASSIGNED DEWEY CALL NUMBER (OCLC) | |
| Classification number | 531.1134 |
| Item number | I611 |
| 245 00 - TITLE STATEMENT | |
| Title | Interfacial rheology |
| Medium | [electronic resource] / |
| Statement of responsibility, etc. | edited by R. Miller, L. Liggieri. |
| 260 ## - PUBLICATION, DISTRIBUTION, ETC. (IMPRINT) | |
| Place of publication, distribution, etc. | Leiden ; |
| -- | Boston : |
| Name of publisher, distributor, etc. | Brill, |
| Date of publication, distribution, etc. | 2009. |
| 300 ## - PHYSICAL DESCRIPTION | |
| Extent | xii, 684 p. : |
| Other physical details | ill. |
| 490 1# - SERIES STATEMENT | |
| Series statement | Progress in colloid and interface science, |
| International Standard Serial Number | 1877-8569 ; |
| Volume/sequential designation | v. 1 |
| 500 ## - GENERAL NOTE | |
| General note | Book dedicated to Professor Valery V. Krotov. |
| 504 ## - BIBLIOGRAPHY, ETC. NOTE | |
| Bibliography, etc | Includes bibliographical references and index. |
| 505 0# - FORMATTED CONTENTS NOTE | |
| Formatted contents note | 1. Fundamental introduction into 2D rheology / V.V. Krotov -- 2. History of dilational rheology / E.H. Lucassen-Reynders and J. Lucassen -- 3. Methods to determine the rheology parameters from interfacial response functions / S. Zholob -- 4. Interfacial elasticity as studied by wave methods / B.A. Noskov -- 5. Rheology of surfactant adsorption layers / L. Liggieri, F. Ravera -- 6. Rheology studies of spread and adsorbed polymer layers / R. Rubio -- 7. 2D-Rheology of protein layers / J. Benjamins -- 8. Mixed surfactant : polyelectrolyte layers / D. Langevin -- 9. Dilational behaviour of mixed protein-surfactant layers / V.B. Fainerman -- 10. Surface shear rheology / J. Kr�agel -- 11. Compressibility of insoluble monolayer / D. Vollhardt -- 12. Rheology of liquid films / V.I. Kovalchuk -- 13. Elasticity as a diagnostic tool in medicine / O. Sinyachenko, V.B. Fainerman -- 14. Influence of surface rheology on particle-bubble interactions in flotation / S.S. Dukhin -- 15. 2D-Rheology in food technology / P. Fischer, Ph. Erni -- 16. Optical tweezers for 2D micro rheology / T.M. Fischer. |
| 530 ## - ADDITIONAL PHYSICAL FORM AVAILABLE NOTE | |
| Additional physical form available note | Also available in print edition. |
| 538 ## - SYSTEM DETAILS NOTE | |
| System details note | Mode of access: World Wide Web. |
| 650 #0 - SUBJECT ADDED ENTRY--TOPICAL TERM | |
| Topical term or geographic name as entry element | Rheology. |
| 650 #0 - SUBJECT ADDED ENTRY--TOPICAL TERM | |
| Topical term or geographic name as entry element | Interfaces (Physical sciences) |
| 655 #7 - INDEX TERM--GENRE/FORM | |
| Genre/form data or focus term | Electronic books. |
| Source of term | lcsh |
| 700 1# - ADDED ENTRY--PERSONAL NAME | |
| Personal name | Miller, Reinhard. |
| 700 1# - ADDED ENTRY--PERSONAL NAME | |
| Personal name | Liggieri, L. |
| Fuller form of name | (Libero) |
| 700 1# - ADDED ENTRY--PERSONAL NAME | |
| Personal name | Krotov, V. V. |
| 776 1# - ADDITIONAL PHYSICAL FORM ENTRY | |
| International Standard Book Number | 9789004175860 |
| -- | 9004175865 |
| -- | 9789047429302 |
| 830 #0 - SERIES ADDED ENTRY--UNIFORM TITLE | |
| Uniform title | Progress in colloid and interface science ; |
| Volume number/sequential designation | v. 1. |
| 856 40 - ELECTRONIC LOCATION AND ACCESS | |
| Uniform Resource Identifier | <a href="http://marc.crcnetbase.com/isbn/9789047429302">http://marc.crcnetbase.com/isbn/9789047429302</a> |
| Electronic format type | application/PDF |
No items available.
